| 000 | 00792nam a22002177a 4500 | ||
|---|---|---|---|
| 999 |
_c5539 _d5539 |
||
| 003 | AR-CdUCM | ||
| 008 | 190312b ||||| |||| 00| 0 spa d | ||
| 040 |
_aMUNICIPALIDAD PROVINCIAL DEL CUSCO _cBIBLIOTECA MUNICIPAL DEL CUSCO |
||
| 082 |
_a305.4 / _bUN61 |
||
| 110 |
_aUNICEF _99438 |
||
| 245 | _aEstado de la niñes, la adolecencia y la mujer en el Perú, 1997 / | ||
| 260 |
_aPerú : _bMónica Avila Paulette , _c1997. |
||
| 300 |
_a61 páginas ; _c27 cm. |
||
| 505 | _aContenido : Estadistica y argumento sobre la adolecencia y la mujer en el Peru en la decada de los años 90'... | ||
| 650 |
_aLa Adolecencia femenina en Perú _916600 |
||
| 650 |
_aDerechos de la Mujer _911616 |
||
| 650 |
_aCrisis de genero _916601 |
||
| 710 |
_aINEI _916602 |
||
| 942 |
_2ddc _cLIBROS |
||
| 945 | _artm | ||